Представление документа в формате RUSMARC

ПолеНазваниеЗначение
  Тип записи a
  Библиографический уровень m
001 Контрольный номер 2bce7d840c544ec0a49ec22eb268a12e
005 Дата корректировки 20140618094254.0
010 Индекс ISBN __
a ISBN 5-282-02243-5
200 Заглавие и сведения об ответственности 1_
a Заглавие Международная торговля услугами
f Первые сведения об ответственности Дюмулен Ипполит Ипполитович
210 Выходные данные 1_
a Место издания М.
c Издательство Экономика
d Дата издания 2003
215 Физическое описание __
a Объем 313 с.
610 Ключевые слова 0_
a Ключевые слова мировая экономика
610 Ключевые слова 0_
a Ключевые слова международная торговля услугами
610 Ключевые слова 0_
a Ключевые слова услуги
610 Ключевые слова 0_
a Ключевые слова торговля услугами
610 Ключевые слова 0_
a Ключевые слова внешняя торговля
610 Ключевые слова 0_
a Ключевые слова Россия
610 Ключевые слова 0_
a Ключевые слова классификатор услуг
610 Ключевые слова 0_
a Ключевые слова электронная торговля
610 Ключевые слова 0_
a Ключевые слова международный туризм
610 Ключевые слова 0_
a Ключевые слова ВТО
686 Индексы других классификаций __
a Классификационный индекс 65.584.3
2 Код системы rubbk
700 Автор _1
a Фамилия Дюмулен Ипполит Ипполитович
801 Источник записи _0
a Страна RU
b Организация РУК
c Дата составления 20040311
g Правила каталогизации PSBO
801 Источник записи _1
a Страна RU
b Организация РУК
c Дата составления 20040311
g Правила каталогизации PSBO
852 Данные о местонахождении __
i Авторский знак Д96
j Шифр хранения ББК 65.5
901 Тип документа __
t Тип документа m
938 Служебная информация __
a Название организации Головной вуз
b Имя БД BOOK
c Название АИБС АИБС ИРБИС